000 00524nam a2200181Ia 4500
003 GCL
008 140319s9999 xx 000 0 ara d
040 _aGCL /
_cGCL
082 0 4 _a823.03
_bر ق
100 1 _aنرفاكو, ميشال
245 1 0 _aالقزم العاشق /
_cنرفاكو, ميشال
260 _a[S.N] :
_bالمكتبة الثقافية
300 _a84 ص
490 _a
650 0 4 _aالقصص الانجليزية المترجمة
650 0 4 _aالادب الانجليزى
942 _2ddc
_cBK
999 _c55071
_d55071